| Поле | Инд. | ПП | Название | Значение |
|---|---|---|---|---|
| Тип записи | a | |||
| Библиографический уровень | m | |||
| 001 | Контрольный номер | RU/IS/BASE/311435230 | ||
| 005 | Дата корректировки | 20150513112020.5 | ||
| 020 | a | ISBN | 978-5-9765-0315-1 (Флинта) | |
| a | ISBN | 978-5-02-034687-1 (Наука) | ||
| 040 | a | Служба первич. каталог. | НБ ТвГУ | |
| b | Код языка каталог. | rus | ||
| e | Правила каталог. | PSBO | ||
| 041 | 0_ | a | Код языка текста | rus |
| 080 | a | Индекс УДК | 615.825(075.8) | |
| 084 | a | Индекс другой классификации/Индекс ББК | Р354.11я73-1 | |
| 090 | a | Полочн. индекс | Р354.1 | |
| x | Авторский знак | В 14 | ||
| 100 | 1_ | a | Автор | Вайнер Эдуард Наумович |
| q | Полное имя | Вайнер Э. Н. | ||
| 245 | 10 | a | Заглавие | Лечебная физическая культура |
| b | Продолж. заглавия | учебник : для студентов вузов, обучающихся по направлению 050700 - Педагогика | ||
| 260 | a | Место издания | Москва | |
| b | Издательство | Флинта | ||
| b | Издательство | Наука | ||
| c | Дата издания | 2009 | ||
| 300 | a | Объем | 418, [1] с. | |
| b | Иллюстрации/ тип воспроизводства | ил., табл. | ||
| 504 | a | Библиография | Библиогр.: с. 416-419 | |
| 520 | a | Аннотация | В учебнике представлены основные средства и методики использования ЛФК в соответствии с современными подходами. Учебник и написан в соответствии с требованиями Государственного образовательного стандарта педагогического образования. Он преимущественно ориентирован на детские (школьные) возрасты, особый акцент делается на широко распространенных детских заболеваниях и нарушениях здоровья (в частности, простудных и простудно-инфекционных заболеваниях) и на тех, которые в определенной степени провоцируются самим обучением (миопия). При этом рассматриваются возможности использования физических упражнений не только в терапии, но и в профилактике соответствующих заболеваний и нарушений здоровья. Выделен раздел, касающийся особенностей организации, содержания и работы специальной медицинской группы в образовательных учреждениях. | |
| 650 | a | Основная рубрика | Терапия | |
| 650 | 14 | a | Основная рубрика | Лечебная физическая культура |
| x | Основная подрубрика | Учебники для вузов | ||
| 653 | a | Ключевые слова | Лечебная физическая культура | |
| a | Ключевые слова | Лечебная физкультура | ||
| a | Ключевые слова | ЛФК | ||
| a | Ключевые слова | Физическая культура | ||
| a | Ключевые слова | Физкультура | ||
| 910 | a | гриф есть** | ||
| 920 | a | Оператор | Густ | |
| 930 | a | Новая/Ретро | учебники | |
| 952 | c | Вид литературы | К ру | |
| 954 | a | Дата поступления на обработку | 20091125 |